| 000 | 00839nam a2200229 a 4500 | ||
|---|---|---|---|
| 001 | 54430 | ||
| 003 | BD-RjUL | ||
| 005 | 20220303120811.0 | ||
| 008 | 161106s2010 bg ||||| |||| 00| 0 ben d | ||
| 020 |
_a9789843315564 _c: TK 500.00 |
||
| 035 | _a(BD-RjUL)54552 | ||
| 040 |
_aBD-RjUL _bben _cBD-RjUL |
||
| 041 | _aben | ||
| 082 |
_223 _a954.92205 _bMUK 2010 |
||
| 245 | 0 | 0 | _aমুক্তিযুদ্ধে ঢাকা ১৯৭১ / |
| 260 |
_aঢাকা : _bবাংলাদেশ এশিয়াটিক সোসাইটি, _c২০১০ |
||
| 300 |
_a৩৬৭ পৃ. ; _c২১ সেমি. |
||
| 650 |
_aবাংলাদেশ _zইতিহাস _9162440 |
||
| 650 |
_aBangladesh _zHistory _9162441 |
||
| 700 |
_aআলম, মোহীত উল, সম্পাদক _91657 |
||
| 942 |
_2ddc _cBK |
||
| 999 |
_c54430 _d54430 |
||